Paroles - Par amour - Roméo et Juliette - Statistiques

Statistiques générales
  • Ce quiz a été pris 20 fois
  • Le résultat moyen est 6 sur 30
Statistiques - réponses
Paroles % Correct
Par amour
100%
Je ne vis que dans ses yeux
31%
Moi le mien est pour dieu
31%
Attendre dans le noir
25%
Le doux chant de l'alouette
25%
Mais sans lui on n'est rien du tout
25%
Oui mais c'est la seule étoile
25%
Par amour on devient fou
25%
Aidez-nous
19%
Aidez-nous
19%
Dans la nuit qui nous guide
19%
Dormir avec juliette
19%
Je suis prêt à en mourir
19%
Mariez-nous aujourd'hui
19%
Que l'injustice ait tort
19%
Vous nous verrez brebis seuls au milieu des loups
19%
De nos vies un arc-en-ciel,
13%
Faites-nous mari et femme,
13%
Mon père je vous implore
13%
Mon père je vous supplie
13%
On espère et on croit
13%
On se perd, on se noie
13%
Sans amour
13%
Sans amour, nos vies sont vides
13%
Vous nous verrez soumis à genoux devant vous
13%
Loin du bruit des armes
6%
Par amour je ferais pour elle
6%
Par amour, on a trop mal
6%
Tu voudrais tant ce soir
6%
Par amour on peur souffrir
0%
Aucun quiz correspondant
Distribution des résultats
% des personnes avec chaque résultat
Percentile par nombre de réponses
Votre historique - résultats
Vous n’avez pas pris ce quiz